| 000 | 00453nam a2200157 i 4500 | ||
|---|---|---|---|
| 001 | 59280 | ||
| 003 | ES-MaACL | ||
| 005 | 20230906164013.0 | ||
| 007 | t| | ||
| 008 | 031028s1966 sp ||||1| cat d | ||
| 100 | 1 |
_aElies i Busqueta, Pere. _946990 |
|
| 245 | 1 | 0 |
_aJuventut alada _b: novella constructiva / _cPere Elies i Busqueta. |
| 260 |
_aBarcelona : _bRafael Dalmau, _c[1966] |
||
| 300 |
_a273 p. ; _c21 cm. |
||
| 852 |
_aES-MaACL _jC-29787 _bR.60237 |
||
| 999 |
_c59280 _d59280 |
||